00945 2200169 4500245004500000020002200045250001200067100001400079650001700093005001900110260003800129041001400167084000800181300002300189500055400212336000900766 aBedebah di Ujung TandukcTere LiyehText a978-623-97626-1-8 aCet. 12 aTere Liye aFiksi Remaja a20250303130930 aDepokbSabak Grip Nusantarac2024 aIndonesia a813 a415 hlm. :c20 cm. aDi Negeri Pada Bedebah, pencuri, perampok, bagai musang berbulu domba. Di depan, wajah mereka terseyum penuh pencitraan. Di belakang penuh tipu-tipu. Di Negeri di Ujung Tanduk, pencuri, perampok, berkeliaran menjadi penegak huku,. Di depan, di belakang mereka tidak malu-malu lagi. Tapi setidaknya, Kawan, dalam situasi apapun, petarung sejati akan terus memilih kehormatan hidupnya. Bahkan ketika nasib di ujung tanduk, Dia akan terus bertarung habis-habisan, bersama sahabat sejati. Karena esok, meatahari akan terbit sekali lagi. Bersama harapan. atext